Educación, nuevas tecnologías y globalización (Record no. 111164)

MARC details
000 -CABECERA
campo de control de longitud fija 00604nab a2200217 a 4500
005 - FECHA Y HORA DE LA ÚLTIMA TRANSACCIÓN
campo de control 20230302063630.0
008 - ELEMENTOS DE LONGITUD FIJA--INFORMACIÓN GENERAL
campo de control de longitud fija 991125s1985 mx 000 0 spa u
035 ## - NÚMERO DE CONTROL DEL SISTEMA
Número de control de sistema UPN01000139016
100 1# - ASIENTO PRINCIPAL--NOMBRE PERSONAL
Nombre de persona Feito Alonso, Rafael,
Fechas asociadas al nombre 1961-
9 (RLIN) 37369
222 ## - TÍTULO CLAVE
Título clave REVISTA DE EDUCACION
245 ## - MENCIÓN DE TÍTULO
Título Educación, nuevas tecnologías y globalización
260 ## - PUBLICACIÓN, DISTRIBUCIÓN, ETC.
Lugar de publicación, distribución, etc. Madrird, España
300 ## - DESCRIPCIÓN FÍSICA
Extensión 191-199
362 0# - FECHAS DE PUBLICACIÓN Y/O DESIGNACIÓN SECUENCIAL
Fecha de publicación y/o designación secuencial 2001 No. extraordinario
653 0# - TERMINO DE INDIZACION - NO CONTROLADO
Término no controlado CONOCIMIENTO
653 0# - TERMINO DE INDIZACION - NO CONTROLADO
Término no controlado DESARROLLO ECONOMICO
653 0# - TERMINO DE INDIZACION - NO CONTROLADO
Término no controlado NUEVAS TECNOLOGIAS
653 0# - TERMINO DE INDIZACION - NO CONTROLADO
Término no controlado INTERNET
653 0# - TERMINO DE INDIZACION - NO CONTROLADO
Término no controlado AUTOAPRENDIZAJE
905 ## - TIPO DE MATERIAL
Tipo de material Articulo

No items available.